La Relación de Michoacán como fuente para la historia de la sociedad y cultura Tarascas (Record no. 9778)
[ view plain ]
| 000 -CABECERA | |
|---|---|
| campo de control de longitud fija | 00889nam a2200253 a 4500 |
| 001 - NÚMERO DE CONTROL | |
| campo de control | BRL_966 |
| 005 - FECHA Y HORA DE LA ÚLTIMA TRANSACCIÓN | |
| campo de control | 20190320210955.0 |
| 008 - DATOS DE LONGITUD FIJA--INFORMACIÓN GENERAL | |
| campo de control de longitud fija | 291013s1956----sp-#######---#000-0#spa-# |
| 041 ## - CÓDIGO DE LENGUA | |
| Código de lengua del texto/banda sonora o título independiente | spa |
| 044 ## - CÓDIGO DEL PAÍS DE LA ENTIDAD EDITORA/PRODUCTORA | |
| Código MARC del país | sp |
| 050 #4 - SIGNATURA TOPOGRÁFICA DE LA BIBLIOTECA DEL CONGRESO | |
| Número de clasificación | F1221.T37 |
| Número de documento/Ítem | .K57 1956 |
| 100 1# - ENTRADA PRINCIPAL--NOMBRE DE PERSONA | |
| Nombre de persona | Kirchhoff, Paul |
| 9 (RLIN) | 9833 |
| 245 10 - MENCIÓN DE TÍTULO | |
| Título | La Relación de Michoacán como fuente para la historia de la sociedad y cultura Tarascas |
| Mención de responsabilidad, etc. | Paul Kirchhoff. |
| 260 ## - PUBLICACIÓN, DISTRIBUCIÓN, ETC. | |
| Lugar de publicación, distribución, etc. | Madrid |
| Nombre del editor, distribuidor, etc. | Aguilar |
| Fecha de publicación, distribución, etc. | 1956 |
| 300 ## - DESCRIPCIÓN FÍSICA | |
| Extensión | XXXIII p. |
| Dimensiones | 50 cm. |
| 500 ## - NOTA GENERAL | |
| Nota general | Hojas sueltas en carpeta |
| 500 ## - NOTA GENERAL | |
| Nota general | Au2281 |
| 500 ## - NOTA GENERAL | |
| Nota general | Sobretiro de la nueva edición de la ´Relación de las ceremonias y ritos y población y gobierno de los indios de la Provincia de Michoacán, 1541´ |
| 650 14 - PUNTO DE ACCESO ADICIONAL DE MATERIA--TÉRMINO DE MATERIA | |
| Término de materia o nombre geográfico como elemento de entrada | Tarascos |
| Subdivisión general | Historia |
| 9 (RLIN) | 23833 |
| 650 14 - PUNTO DE ACCESO ADICIONAL DE MATERIA--TÉRMINO DE MATERIA | |
| Término de materia o nombre geográfico como elemento de entrada | Tarascos |
| Subdivisión general | Ritos y ceremonias |
| 9 (RLIN) | 25465 |
| 651 #4 - PUNTO DE ACCESO ADICIONAL DE MATERIA--NOMBRE GEOGRÁFICO | |
| Nombre geográfico | Indígenas de México |
| Subdivisión geográfica | Michoacán |
| 9 (RLIN) | 25466 |
| 902 ## - CATALOGADOR | |
| Iniciales | GRL |
| 942 ## - ELEMENTOS DE PUNTO DE ACCESO ADICIONAL (KOHA) | |
| Fuente del sistema de clasificación o colocación | Library of Congress Classification |
| Tipo de ítem Koha | Libros |
| Estado de retiro | Estado de pérdida | Estado dañado | No para préstamo | Localización permanente | Ubicación/localización actual | Fecha de adquisición | Número de inventario | Total de préstamos | Signatura topográfica completa | Código de barras | Fecha visto por última vez | Precio válido a partir de | Tipo de ítem Koha |
|---|---|---|---|---|---|---|---|---|---|---|---|---|---|
| El ejemplar forma parte de la colección y puede ser consultado según las políticas vigentes. | Biblioteca Centro de Estudios Ruth D. Lechuga | Biblioteca Centro de Estudios Ruth D. Lechuga | 29/10/2013 | Au2281 | F1221.T37 .K57 1956 (Au2281) | GRL01043 | 22/03/2019 | 22/03/2019 | Libros |